Dynamické vývojové procesy a štruktúry a ich medzinárodný kontext zväzok venovaný životnému jubileu Prof. RNDr. Kolomana Ivaničku, DrSc.
Salvato in:
| Altri autori: | |
|---|---|
| Natura: | Libro |
| Lingua: | slovacco |
| Pubblicazione: |
Banská Bystrica
Fakulta politických vied a medzinárodných vzťahov UMB
2000
|
| Serie: | Scientific script
Vol. 3 |
| Soggetti: | |
| Tags: |
Nessun Tag, puoi essere il primo ad aggiungerne!!
|
MARC
| LEADER | 00000nam a2200000 4500 | ||
|---|---|---|---|
| 001 | c124364 | ||
| 005 | 20221108082842.0 | ||
| 020 | |a 80-8055-371-8 | ||
| 041 | 0 | |a slo | |
| 044 | |a SK | ||
| 245 | 1 | 0 | |a Dynamické vývojové procesy a štruktúry a ich medzinárodný kontext |b zväzok venovaný životnému jubileu Prof. RNDr. Kolomana Ivaničku, DrSc. |c [zostavovateľ: Peter Terem] |
| 264 | 1 | |a Banská Bystrica |b Fakulta politických vied a medzinárodných vzťahov UMB |c 2000 | |
| 300 | |a 307 s. | ||
| 490 | 1 | |a Scientific script |v Vol. 3 | |
| 830 | 0 | |a Scientific script |v Vol. 3 | |
| 610 | 2 | 0 | |a veda |
| 610 | 2 | 0 | |a rozhodovanie |
| 610 | 2 | 0 | |a vývoj populačný |
| 610 | 2 | 0 | |a paradigma |
| 610 | 2 | 0 | |a ekonómia |
| 610 | 2 | 0 | |a politika hospodárska |
| 610 | 2 | 0 | |a intervencie |
| 610 | 2 | 0 | |a pomoc sociálna |
| 610 | 2 | 0 | |a transformácia |
| 610 | 2 | 0 | |a vedomosti |
| 610 | 2 | 0 | |a inovácia |
| 610 | 2 | 0 | |a bezpečnosť európska |
| 610 | 2 | 0 | |a vývoj |
| 610 | 2 | 0 | |a regióny |
| 610 | 2 | 0 | |a voľby |
| 610 | 2 | 0 | |a poľnohospodárstvo |
| 610 | 2 | 0 | |a vidiek |
| 610 | 2 | 0 | |a politika regionálna |
| 610 | 2 | 0 | |a politika bytová |
| 610 | 2 | 0 | |a arbitráž |
| 610 | 2 | 0 | |a priemysel |
| 610 | 2 | 0 | |a politika sociálna |
| 610 | 2 | 0 | |a mestá |
| 610 | 2 | 0 | |a modely simulačné |
| 610 | 2 | 0 | |a baníctvo |
| 610 | 2 | 0 | |a spolupráca cezhraničná |
| 610 | 2 | 0 | |a Slovensko |
| 610 | 2 | 0 | |a Európska únia |
| 610 | 2 | 0 | |a Česko |
| 610 | 2 | 0 | |a Európa |
| 700 | 1 | |a Terem, Peter | |